00420nam a2200073Ia 4500008004100000245002000041300027400061650001100335170517s9999 xx 000 0 und d aSteal this Film aIn fighting file sharing, the entertainment industry is fighting the fundamental structure of the Internet. Steal This Film is a film series documenting the movement against intellectual property and was a talking point in the British Documentary Festival. Part One,... xMedia.